| 000 | 00642nam a2200145 a 4500 | ||
|---|---|---|---|
| 008 | 080916s1997 ||||||||||||||||| || u | ||
| 050 | _aTHESIS/STUDENT | ||
| 100 | _aChinyama, kennedy | ||
| 245 | 1 | 0 | _aContrained information flow and Value distortions in the Zambian Residential property market |
| 260 |
_aKitwe _bCopperbelt University, School of Built Environment, Department of Land Economy _c1997 |
||
| 350 | _a0.00 | ||
| 650 | _aBUILDING | ||
| 650 | _aLAND ECONOMY | ||
| 995 |
_D0.00 _FCBU-MAIN LIBRARY (Kitwe) _H1 _I0.00 _M1 _UAVAILABLE _WSep 16, 2008 _ZUniversity Collection |
||
| 999 |
_c38694 _d38694 |
||